Top 20 Countries with most Warships - Statistics

General Stats
  • This quiz has been taken 85 times
  • The average score is 15 of 20
Answer Stats
Warships Military rank Country Continent % Correct
484 1 United States North America
100%
730 3 China Asia
99%
598 2 Russia Asia/Europe
99%
295 4 India Asia
97%
155 7 Japan Asia
96%
313 10 Italy Europe
91%
157 5 South Korea Asia
89%
324 13 Indonesia Asia
87%
519 36 North Korea Asia
86%
166 20 Spain Europe
86%
194 31 Mexico North America
79%
265 44 Colombia South America
78%
245 15 Egypt Africa
78%
367 29 Sweden Europe
76%
292 25 Thailand Asia
67%
246 50 Finland Europe
62%
201 26 Algeria Africa
57%
210 35 Myanmar Asia
45%
170 82 Bolivia South America
42%
275 75 Sri Lanka Asia
37%
No matching quizzes found
Score Distribution
Percent of People with Each Score
Percentile by Number Answered
Your Score History
You have not taken this quiz